|
|
|
|
| LEADER |
00000nas a2200000 i 4500 |
| 001 |
ssj0000223 |
| 003 |
WaSeSS |
| 005 |
20200512172242.0 |
| 006 |
m d |
| 007 |
cr n |
| 008 |
990922c19299999ncuqr pss 0 a0eng c |
| 010 |
|
|
|a sn 99004680
|z sn 99023378
|
| 016 |
7 |
|
|a 2010025-5
|2 DE-600
|
| 016 |
7 |
|
|a 100966974
|2 DNLM
|
| 016 |
7 |
|
|a 100966974
|
| 016 |
7 |
|
|a 2010025 5
|2 DE-600
|
| 022 |
|
|
|a 1527-2117
|l 0002-9831
|y 0002-9831
|
| 035 |
|
|
|a (WaSeSS)ssj0000223
|
| 037 |
|
|
|b Duke University Press, 905 W. Main St., Suite 18B, Durham, NC 27701
|
| 040 |
|
|
|a JHE
|b eng
|e pn
|c JHE
|d NSD
|d OCLCQ
|d EYM
|d F#A
|d OCLCS
|d OCLCQ
|d WEA
|d OCLCQ
|d UMC
|d N15
|d HVL
|d OCLCE
|d OCLCO
|d OCLCF
|d OCLCQ
|d OCLCO
|d EUW
|d OCLCO
|d OCLCQ
|d DEBBG
|d ELW
|d OCLCO
|d OCLCQ
|d LEATE
|d NTG
|d AU@
|d VT2
|d OCLCA
|d SFB
|d WaSeSS
|
| 042 |
|
|
|a nsdp
|a pcc
|
| 043 |
|
|
|a n-us---
|
| 050 |
1 |
4 |
|a PS1
|
| 082 |
1 |
0 |
|a 810
|2 13
|
| 130 |
0 |
|
|a American literature (Durham, N.C.)
|
| 210 |
0 |
|
|a Am. lit.
|b (Online)
|
| 222 |
|
0 |
|a American literature
|b (Online)
|
| 245 |
1 |
0 |
|a American literature
|h [electronic resource] :
|b a journal of literary history, criticism and bibliography.
|
| 260 |
|
|
|a [Durham, North Carolina] :
|b [Duke University Press],
|c [1929]-
|
| 310 |
|
|
|a Quarterly
|
| 362 |
1 |
|
|a Print began with Volume one, number one (March 1929).
|
| 506 |
|
|
|a License restrictions may limit access.
|
| 550 |
|
|
|a Published with the cooperation of the American Literature Group of the Modern Language Association of America, <1930-January 1966>; the American Literature Section of the Modern Language Association, <January 1967->
|
| 555 |
|
|
|a Vols. 1-20, Mar. 1929-Jan. 1949. 1 v.; Vols. 1-30, Mar. 1929-Jan. 1959. 1 v.
|
| 588 |
|
|
|a Description based on print version record.
|
| 588 |
|
|
|a Latest issue consulted: Volume 85, number 3 (September 2013) (publisher's Web site, viewed November 19, 2013).
|
| 650 |
|
0 |
|a American literature
|x History and criticism
|v Periodicals.
|
| 650 |
|
0 |
|a American literature
|v Bibliography
|v Periodicals.
|
| 650 |
|
0 |
|a Books
|v Reviews.
|
| 650 |
|
6 |
|a Littaerature amaericaine
|v Bibliographie
|v Paeriodiques.
|
| 650 |
|
6 |
|a Littaerature amaericaine
|v Paeriodiques.
|
| 650 |
|
6 |
|a Livres
|v Paeriodiques.
|
| 650 |
|
7 |
|a American literature.
|2 fast
|0 (OCoLC)fst00807113
|
| 650 |
|
7 |
|a Books.
|2 fast
|0 (OCoLC)fst00836401
|
| 650 |
1 |
7 |
|a Amerikaans.
|2 gtt
|
| 650 |
1 |
7 |
|a Letterkunde.
|2 gtt
|
| 650 |
|
7 |
|a Literatur
|2 gnd
|
| 650 |
|
7 |
|a Geschichte
|2 gnd
|
| 650 |
|
7 |
|a Zeitschrift
|2 gnd
|
| 650 |
|
7 |
|a LITERATURA ESTADOUNIDENSE.
|2 renib
|
| 651 |
|
7 |
|a USA.
|2 swd
|
| 655 |
|
0 |
|a Electronic journals.
|
| 700 |
1 |
|
|a Hubbell, Jay B.
|q (Jay Broadus),
|d 1885-1979.
|
| 700 |
1 |
|
|a Gohdes, Clarence,
|d 1901-1997.
|
| 710 |
2 |
|
|a Modern Language Association of America.
|b American Literature Group.
|
| 710 |
2 |
|
|a Modern Language Association of America.
|b American Literature Section.
|
| 776 |
0 |
8 |
|i Print version:
|t American literature (Durham, N.C.)
|x 0002-9831
|w (DLC) 30020216
|w (OCoLC)1480320
|
| 856 |
4 |
0 |
|z Full text available from Research Library: 09/01/1997 to 03/31/2000
|u https://search.proquest.com/publication/42062
|